The woman : scenes of war and freedom /

Bibliographic Details
Main Author: Bond, Edward
Format: Book
Language:English
Published: New York : Hill and Wang, [1979]
Series:A Mermaid dramabook

MARC

Tag First Indicator Second Indicator Subfields
LEADER 00000cam a2200000 i 4500
001 in00000182221
005 20151008090048.0
008 791019s1979 nyu 00010 eng
010 |a  79119672  
020 |a 0809097826 :  |c $10.95 
020 |a 0809012413 (pbk.) 
035 |a (OCoLC)05462608 
035 |9 AAU0925AM 
040 |a DLC  |c DLC  |d TXA  |d UtOrBLW 
049 |a TXAM  |c [1420805] 
050 0 0 |a PR6052.O5  |b W6 1979b 
082 0 |a 822/.9/14 
100 1 |a Bond, Edward. 
245 1 4 |a The woman :  |b scenes of war and freedom /  |c Edward Bond. 
264 1 |a New York :  |b Hill and Wang,  |c [1979] 
264 4 |c ©1979 
300 |a 143 pages ;  |c 20 cm. 
336 |a text  |b txt  |2 rdacontent 
337 |a unmediated  |b n  |2 rdamedia 
338 |a volume  |b nc  |2 rdacarrier 
490 0 |a A Mermaid dramabook 
999 |a MARS 
999 f f |s fabbd025-2e91-36db-b963-07ef0f7a6180  |i 9dab0871-f165-3554-956e-108afdcbd8cf  |t 0 
952 f f |p normal  |a Texas A&M University  |b College Station  |c Sterling C. Evans Library  |d Evans: Library Stacks  |t 0  |e PR6052.O5 W6 1979b  |h Library of Congress classification  |i unmediated -- volume  |m A14804015591 
998 f f |a PR6052.O5 W6 1979b  |t 0  |l Evans: Library Stacks